<?xml version="1.0" encoding="UTF-8"?>
<record
    xmlns:xsi="http://www.w3.org/2001/XMLSchema-instance"
    xsi:schemaLocation="http://www.loc.gov/MARC21/slim http://www.loc.gov/standards/marcxml/schema/MARC21slim.xsd"
    xmlns="http://www.loc.gov/MARC21/slim">

  <leader>02698nam0a2200445   4500</leader>
  <controlfield tag="001">RU\NLR\bibl\737910</controlfield>
  <controlfield tag="005">20260405072933.0</controlfield>
  <datafield tag="010" ind1=" " ind2=" ">
    <subfield code="a">5-86324-109-8</subfield>
    <subfield code="9">250</subfield>
  </datafield>
  <datafield tag="021" ind1=" " ind2=" ">
    <subfield code="a">RU</subfield>
    <subfield code="b">2004-61470</subfield>
    <subfield code="9">3021</subfield>
  </datafield>
  <datafield tag="035" ind1=" " ind2=" ">
    <subfield code="a">RSL-KNO-002485222</subfield>
  </datafield>
  <datafield tag="035" ind1=" " ind2=" ">
    <subfield code="a">(NLR Aleph) 000727820</subfield>
  </datafield>
  <datafield tag="090" ind1=" " ind2=" ">
    <subfield code="a">743561</subfield>
    <subfield code="c">743561</subfield>
  </datafield>
  <datafield tag="100" ind1=" " ind2=" ">
    <subfield code="a">20041006d2004    |||y0rusy50      ca</subfield>
  </datafield>
  <datafield tag="101" ind1="0" ind2=" ">
    <subfield code="a">rus</subfield>
  </datafield>
  <datafield tag="102" ind1=" " ind2=" ">
    <subfield code="a">RU</subfield>
  </datafield>
  <datafield tag="105" ind1=" " ind2=" ">
    <subfield code="a">a   |||||||||</subfield>
  </datafield>
  <datafield tag="106" ind1=" " ind2=" ">
    <subfield code="a">r</subfield>
  </datafield>
  <datafield tag="200" ind1="1" ind2=" ">
    <subfield code="a">&#x421;&#x438;&#x43D;&#x434;&#x440;&#x43E;&#x43C; &#x433;&#x438;&#x43F;&#x435;&#x440;&#x441;&#x442;&#x438;&#x43C;&#x443;&#x43B;&#x44F;&#x446;&#x438;&#x438; &#x44F;&#x438;&#x447;&#x43D;&#x438;&#x43A;&#x43E;&#x432;</subfield>
    <subfield code="e">&#x43F;&#x440;&#x430;&#x43A;&#x442;&#x438;&#x447;&#x435;&#x441;&#x43A;&#x43E;&#x435; &#x440;&#x443;&#x43A;&#x43E;&#x432;&#x43E;&#x434;&#x441;&#x442;&#x432;&#x43E;</subfield>
    <subfield code="f">&#x418;. &#x415;. &#x41A;&#x43E;&#x440;&#x43D;&#x435;&#x435;&#x432;&#x430;, &#x415;.&#x410;. &#x41A;&#x430;&#x43B;&#x438;&#x43D;&#x438;&#x43D;&#x430;, &#x414;.&#x41F;. &#x41A;&#x430;&#x43C;&#x438;&#x43B;&#x43E;&#x432;&#x430;, &#x410;.&#x412;. &#x418;&#x432;&#x430;&#x43D;&#x43E;&#x432;&#x430;</subfield>
    <subfield code="g">&#x420;&#x43E;&#x441;. &#x430;&#x43A;&#x430;&#x434;. &#x43C;&#x435;&#x434;. &#x43D;&#x430;&#x443;&#x43A;, &#x41D;&#x430;&#x443;&#x447;. &#x446;&#x435;&#x43D;&#x442;&#x440; &#x430;&#x43A;&#x443;&#x448;&#x435;&#x440;&#x441;&#x442;&#x432;&#x430;, &#x433;&#x438;&#x43D;&#x435;&#x43A;&#x43E;&#x43B;&#x43E;&#x433;&#x438;&#x438; &#x438; &#x43F;&#x435;&#x440;&#x438;&#x43D;&#x430;&#x442;&#x43E;&#x43B;&#x43E;&#x433;&#x438;&#x438;, &#x41E;&#x442;&#x434;-&#x43D;&#x438;&#x435; &#x441;&#x43E;&#x445;&#x440;&#x430;&#x43D;&#x435;&#x43D;&#x438;&#x44F; &#x438; &#x432;&#x43E;&#x441;&#x441;&#x442;&#x430;&#x43D;&#x43E;&#x432;&#x43B;&#x435;&#x43D;&#x438;&#x44F; &#x440;&#x435;&#x43F;&#x440;&#x43E;&#x434;&#x443;&#x43A;&#x442;&#x438;&#x432;. &#x444;&#x443;&#x43D;&#x43A;&#x446;&#x438;&#x438;</subfield>
  </datafield>
  <datafield tag="205" ind1=" " ind2=" ">
    <subfield code="a">2-&#x435; &#x438;&#x437;&#x434;., &#x43F;&#x435;&#x440;&#x435;&#x440;&#x430;&#x431;. &#x438; &#x434;&#x43E;&#x43F;.</subfield>
  </datafield>
  <datafield tag="210" ind1=" " ind2=" ">
    <subfield code="a">&#x41C;&#x43E;&#x441;&#x43A;&#x432;&#x430;</subfield>
    <subfield code="c">&#x41D;&#x418;&#x41A;&#x418;&#x42D;&#x422;</subfield>
    <subfield code="d">2004</subfield>
  </datafield>
  <datafield tag="215" ind1=" " ind2=" ">
    <subfield code="a">56 &#x441;.</subfield>
    <subfield code="c">&#x438;&#x43B;.</subfield>
    <subfield code="d">21</subfield>
  </datafield>
  <datafield tag="225" ind1="1" ind2=" ">
    <subfield code="a">&#x421;&#x43E;&#x445;&#x440;&#x430;&#x43D;&#x435;&#x43D;&#x438;&#x435; &#x438; &#x432;&#x43E;&#x441;&#x441;&#x442;&#x430;&#x43D;&#x43E;&#x432;&#x43B;&#x435;&#x43D;&#x438;&#x435; &#x440;&#x435;&#x43F;&#x440;&#x43E;&#x434;&#x443;&#x43A;&#x442;&#x438;&#x432;&#x43D;&#x43E;&#x439; &#x444;&#x443;&#x43D;&#x43A;&#x446;&#x438;&#x438;</subfield>
  </datafield>
  <datafield tag="320" ind1=" " ind2=" ">
    <subfield code="a">&#x411;&#x438;&#x431;&#x43B;&#x438;&#x43E;&#x433;&#x440;.: &#x441;. 47-56 (126 &#x43D;&#x430;&#x437;&#x432;.)</subfield>
  </datafield>
  <datafield tag="606" ind1="1" ind2=" ">
    <subfield code="a">&#x413;&#x438;&#x43F;&#x435;&#x440;&#x441;&#x442;&#x438;&#x43C;&#x443;&#x43B;&#x44F;&#x446;&#x438;&#x438; &#x44F;&#x438;&#x447;&#x43D;&#x438;&#x43A;&#x43E;&#x432; &#x441;&#x438;&#x43D;&#x434;&#x440;&#x43E;&#x43C;</subfield>
    <subfield code="j">&#x420;&#x443;&#x43A;&#x43E;&#x432;&#x43E;&#x434;&#x441;&#x442;&#x432;&#x430;, &#x43F;&#x43E;&#x441;&#x43E;&#x431;&#x438;&#x44F; &#x438; &#x442;.&#x43F;.</subfield>
    <subfield code="9">2225173</subfield>
    <subfield code="3">RU\NLR\auth\661335864</subfield>
  </datafield>
  <datafield tag="610" ind1="0" ind2=" ">
    <subfield code="a">&#x417;&#x434;&#x440;&#x430;&#x432;&#x43E;&#x43E;&#x445;&#x440;&#x430;&#x43D;&#x435;&#x43D;&#x438;&#x435;. &#x41C;&#x435;&#x434;&#x438;&#x446;&#x438;&#x43D;&#x441;&#x43A;&#x438;&#x435; &#x43D;&#x430;&#x443;&#x43A;&#x438; -- &#x413;&#x438;&#x43D;&#x435;&#x43A;&#x43E;&#x43B;&#x43E;&#x433;&#x438;&#x44F; -- &#x424;&#x438;&#x437;&#x438;&#x43E;&#x43B;&#x43E;&#x433;&#x438;&#x44F; &#x438; &#x43F;&#x430;&#x442;&#x43E;&#x444;&#x438;&#x437;&#x438;&#x43E;&#x43B;&#x43E;&#x433;&#x438;&#x44F; &#x436;&#x435;&#x43D;&#x441;&#x43A;&#x43E;&#x433;&#x43E; &#x43E;&#x440;&#x433;&#x430;&#x43D;&#x438;&#x437;&#x43C;&#x430; -- &#x413;&#x438;&#x43D;&#x435;&#x43A;&#x43E;&#x43B;&#x43E;&#x433;&#x438;&#x447;&#x435;&#x441;&#x43A;&#x430;&#x44F; &#x44D;&#x43D;&#x434;&#x43E;&#x43A;&#x440;&#x438;&#x43D;&#x43E;&#x43B;&#x43E;&#x433;&#x438;&#x44F; -- &#x424;&#x438;&#x437;&#x438;&#x43E;&#x43B;&#x43E;&#x433;&#x438;&#x44F; &#x438; &#x43F;&#x430;&#x442;&#x43E;&#x43B;&#x43E;&#x433;&#x438;&#x44F; &#x444;&#x443;&#x43D;&#x43A;&#x446;&#x438;&#x439; &#x44F;&#x438;&#x447;&#x43D;&#x438;&#x43A;&#x43E;&#x432; -- &#x41F;&#x440;&#x430;&#x43A;&#x442;&#x438;&#x447;&#x435;&#x441;&#x43A;&#x438;&#x435; &#x440;&#x443;&#x43A;&#x43E;&#x432;&#x43E;&#x434;&#x441;&#x442;&#x432;&#x430;. &#x41C;&#x435;&#x442;&#x43E;&#x434;&#x438;&#x447;&#x435;&#x441;&#x43A;&#x438;&#x435; &#x440;&#x435;&#x43A;&#x43E;&#x43C;&#x435;&#x43D;&#x434;&#x430;&#x446;&#x438;&#x438;</subfield>
  </datafield>
  <datafield tag="610" ind1="0" ind2=" ">
    <subfield code="a">&#x433;&#x438;&#x43F;&#x435;&#x440;&#x444;&#x443;&#x43D;&#x43A;&#x446;&#x438;&#x44F; &#x44F;&#x438;&#x447;&#x43D;&#x438;&#x43A;&#x43E;&#x432;</subfield>
  </datafield>
  <datafield tag="686" ind1=" " ind2=" ">
    <subfield code="a">&#x420;712.55&#x44F;81</subfield>
    <subfield code="2">rubbk</subfield>
  </datafield>
  <datafield tag="686" ind1=" " ind2=" ">
    <subfield code="a">&#x420;715.55&#x44F;77</subfield>
  </datafield>
  <datafield tag="686" ind1=" " ind2=" ">
    <subfield code="a">&#x420;569.715.2 &#x420;&#x430;&#x43A;-48&#x44F;77</subfield>
  </datafield>
  <datafield tag="686" ind1=" " ind2=" ">
    <subfield code="a">&#x420;712.54-5&#x44F;77</subfield>
  </datafield>
  <datafield tag="701" ind1=" " ind2="1">
    <subfield code="4">070</subfield>
    <subfield code="8">rus</subfield>
    <subfield code="7">ca</subfield>
    <subfield code="a">&#x41A;&#x43E;&#x440;&#x43D;&#x435;&#x435;&#x432;&#x430;</subfield>
    <subfield code="b">&#x418;.&#x415;.</subfield>
    <subfield code="g">&#x418;&#x440;&#x438;&#x43D;&#x430; &#x415;&#x432;&#x433;&#x435;&#x43D;&#x44C;&#x435;&#x432;&#x43D;&#x430;</subfield>
    <subfield code="3">RU\NLR\auth\7725341</subfield>
    <subfield code="9">8390</subfield>
  </datafield>
  <datafield tag="701" ind1=" " ind2="1">
    <subfield code="4">070</subfield>
    <subfield code="8">rus</subfield>
    <subfield code="7">ca</subfield>
    <subfield code="a">&#x41A;&#x430;&#x43B;&#x438;&#x43D;&#x438;&#x43D;&#x430;</subfield>
    <subfield code="b">&#x415;.&#x410;.</subfield>
    <subfield code="c">&#x434;-&#x440; &#x43C;&#x435;&#x434;. &#x43D;&#x430;&#x443;&#x43A;</subfield>
    <subfield code="g">&#x415;&#x43B;&#x435;&#x43D;&#x430; &#x410;&#x43D;&#x430;&#x442;&#x43E;&#x43B;&#x44C;&#x435;&#x432;&#x43D;&#x430;</subfield>
    <subfield code="3">RU\NLR\auth\7725342</subfield>
    <subfield code="9">8391</subfield>
  </datafield>
  <datafield tag="701" ind1=" " ind2="1">
    <subfield code="4">070</subfield>
    <subfield code="8">rus</subfield>
    <subfield code="7">ca</subfield>
    <subfield code="a">&#x41A;&#x430;&#x43C;&#x438;&#x43B;&#x43E;&#x432;&#x430;</subfield>
    <subfield code="b">&#x414;.&#x41F;.</subfield>
    <subfield code="g">&#x414;&#x438;&#x43B;&#x43E;&#x440;&#x43E;&#x43C;&#x445;&#x43E;&#x43D; &#x41F;&#x443;&#x43B;&#x430;&#x442;&#x434;&#x436;&#x430;&#x43D;&#x43E;&#x432;&#x43D;&#x430;</subfield>
    <subfield code="3">RU\NLR\auth\7725335</subfield>
    <subfield code="9">8384</subfield>
  </datafield>
  <datafield tag="701" ind1=" " ind2="1">
    <subfield code="4">070</subfield>
    <subfield code="8">rus</subfield>
    <subfield code="7">ca</subfield>
    <subfield code="a">&#x418;&#x432;&#x430;&#x43D;&#x43E;&#x432;&#x430;</subfield>
    <subfield code="b">&#x410;. &#x412;.</subfield>
    <subfield code="c">&#x441;&#x43F;&#x435;&#x446;&#x438;&#x430;&#x43B;&#x438;&#x441;&#x442; &#x432; &#x43E;&#x431;&#x43B;. &#x433;&#x438;&#x43D;&#x435;&#x43A;&#x43E;&#x43B;&#x43E;&#x433;&#x438;&#x438;</subfield>
    <subfield code="3">RU\NLR\AUTH\7725340</subfield>
    <subfield code="9">8389</subfield>
  </datafield>
  <datafield tag="801" ind1=" " ind2="0">
    <subfield code="a">RU</subfield>
    <subfield code="b">RuMoRKP</subfield>
    <subfield code="c">20041006</subfield>
    <subfield code="g">rcr</subfield>
  </datafield>
  <datafield tag="801" ind1=" " ind2="1">
    <subfield code="a">RU</subfield>
    <subfield code="b">RuMoRGB</subfield>
    <subfield code="c">20041006</subfield>
  </datafield>
  <datafield tag="801" ind1=" " ind2="2">
    <subfield code="a">RU</subfield>
    <subfield code="b">NLR</subfield>
    <subfield code="c">20050322</subfield>
    <subfield code="g">PSBO</subfield>
  </datafield>
  <datafield tag="942" ind1=" " ind2=" ">
    <subfield code="c">BOOK</subfield>
  </datafield>
  <datafield tag="980" ind1=" " ind2=" ">
    <subfield code="a">NB</subfield>
  </datafield>
  <datafield tag="995" ind1=" " ind2=" ">
    <subfield code="5">2005-03-22</subfield>
    <subfield code="a">ad</subfield>
    <subfield code="b">NLR01</subfield>
    <subfield code="c">NLR01</subfield>
    <subfield code="e">RF3</subfield>
    <subfield code="f">875437</subfield>
    <subfield code="k">2005-4/14534</subfield>
    <subfield code="o">0</subfield>
    <subfield code="r">BOOK</subfield>
    <subfield code="s">2005414534_</subfield>
  </datafield>
  <datafield tag="995" ind1=" " ind2=" ">
    <subfield code="5">2005-03-22</subfield>
    <subfield code="a">ad</subfield>
    <subfield code="b">NLR01</subfield>
    <subfield code="c">NLR01</subfield>
    <subfield code="e">RF3</subfield>
    <subfield code="f">875438</subfield>
    <subfield code="k">2005-4/14534</subfield>
    <subfield code="o">0</subfield>
    <subfield code="r">BOOK</subfield>
    <subfield code="s">2005414534_</subfield>
  </datafield>
</record>
